Loading...
| Current Events | 2 | 20.00 | 100% | 50% | 50% |
| Fine Arts - Classical Music | 4 | 12.50 | 75% | 0% | 50% |
| Fine Arts - Other | 5 | 16.00 | 80% | 60% | 20% |
| Fine Arts - Painting and Sculpture | 4 | 20.00 | 75% | 100% | 25% |
| History - American | 4 | 15.00 | 75% | 75% | 0% |
| History - Ancient/Other | 4 | 12.50 | 50% | 75% | 0% |
| History - European | 6 | 13.33 | 100% | 33% | 0% |
| History - Other | 2 | 10.00 | 100% | 0% | 0% |
| History - World | 4 | 15.00 | 100% | 50% | 0% |
| Literature - American | 4 | 15.00 | 100% | 25% | 25% |
| Literature - British | 3 | 16.67 | 100% | 67% | 0% |
| Literature - European | 4 | 7.50 | 75% | 0% | 0% |
| Literature - World | 3 | 16.67 | 100% | 67% | 0% |
| Mythology | 4 | 20.00 | 100% | 75% | 25% |
| Philosophy | 3 | 16.67 | 100% | 67% | 0% |
| Religion | 2 | 20.00 | 100% | 100% | 0% |
| Science - Biology | 5 | 10.00 | 60% | 40% | 0% |
| Science - Chemistry | 2 | 15.00 | 100% | 50% | 0% |
| Science - Other | 3 | 23.33 | 100% | 100% | 33% |
| Science - Physics | 3 | 20.00 | 100% | 100% | 0% |
| Social Science | 2 | 25.00 | 100% | 50% | 100% |